000 01093nam a2200301 i 4500
003 DO-SdBNP
005 20241018111305.0
007 ta
008 241018b197- dr ||||| |||| 00| 0 spa d
040 _aDO-SdBNP
_bspa
_cBNPHU
_erda
082 4 _a100
_bA256f
_222
100 1 _aAfanasiev, Víctor,
_9844
_eautor
_4aut.
245 1 0 _aFundamentos de filosofía /
_cV. Afanasiev ; traductor, V. Uribes.
264 4 _aSanto Domingo :
_bEditora Nacional,
_c197-?.
300 _a190páginas ;
_c21 cm.
336 _atexto
_btxt
_2rdacontent
337 _asin mediación
_bn
_2rdamedia
338 _avolumen
_bnc
_2rdacarrier
500 _aIncluye referencias bibliográficas y notas al pie de las páginas
505 0 _aLa filosofía como ciencia --
_tLa lucha entre el materialismo y el idealismo en la filosofía premarxista --
_tSurgimiento y desarrollo de la filosofía marxista.
590 _aInventariado, 2024/BT
650 4 _aFilosofía
_9813
650 4 _aMaterialismo dialéctico
_9845
650 4 _aFilosofía marxista
_9846
700 _9847
910 _aBtavárez
942 _2ddc
_cLBS1
999 _c57910
_d57910